• 首页
  • 本馆介绍
  • 公告通知
  • 最新文献
  • 馆藏检索
  • 电子资源
  • 读者导购
  • 参考咨询
  • 我的图书馆
  • 登录
  • 详细信息显示
  • 放入我的书架
  • 预约/预借图书
  • 作者相关作品
  • 分类相关作品
  • 丛书相关作品
  • 出版社相关作品

书目信息

  • 表格格式
  • 工作单格式
  • 卡片格式
题名:
世界通俗合唱珍品集
    
 
作者: 薛范 编
分册: 第1册   音乐剧选曲和各国民歌
出版信息: 北京   人民音乐出版社  2005
页数: 342页
开本: 30cm
丛书名:
单 册:
中图分类: J652.53 , J652.4
科图分类:
主题词: 合唱--歌曲--世界--选集 , 歌舞剧--歌曲--世界--选集 , 合唱 , 歌曲 , 民歌--世界--选集 , 民歌 , 歌舞剧
电子资源:
ISBN: 7-103-02857-5
000 00978nam0 2200301 450
001 003067400
005 20070806180737.64
010    @a7-103-02857-5@dCNY41.00
100    @a20060104d2005 em y0chiy0110 ea
101 0  @achi
102    @aCN@b110000
105    @ag z 000yy
200 1  @a世界通俗合唱珍品集@9shi jie tong su he chang zhen pin ji@e五线谱版@h第1册@i音乐剧选曲和各国民歌@f薛范编
210    @a北京@c人民音乐出版社@d2005
215    @a342页@d30cm
330    @a本书收录了数十首百老汇音乐剧选曲和各国民歌,包括:音乐剧《猫》选曲《回忆》、音乐剧《剧院魅影》选曲《想着我》、音乐剧《悲惨世界》选曲《我曾经有过一个梦》等。
606 0  @a合唱@x歌曲@y世界@j选集
606 0  @a歌舞剧@x歌曲@y世界@j选集
606 0  @a合唱
606 0  @a歌曲
606 0  @a民歌@y世界@j选集
606 0  @a民歌
606 0  @a歌舞剧
690    @aJ652.53@v4
690    @aJ652.4@v4
701  0 @a薛范@9xue fan@f(1934~)@4编
801  0 @aCN@bNLC@c20070806
905    @a10447@dJ652.4@e440:1
    
    世界通俗合唱珍品集:五线谱版.第1册.音乐剧选曲和各国民歌/薛范编.-北京:人民音乐出版社,2005
    342页;30cm
    
    
    ISBN 7-103-02857-5:CNY41.00
    本书收录了数十首百老汇音乐剧选曲和各国民歌,包括:音乐剧《猫》选曲《回忆》、音乐剧《剧院魅影》选曲《想着我》、音乐剧《悲惨世界》选曲《我曾经有过一个梦》等。
●
相关链接 在E读中查询图书 在五车中查询图书 在当当中查询图书 在豆瓣中查询图书


正题名:世界通俗合唱珍品集     索取号:J652.4/440:1         预约/预借

序号 登录号 条形码 馆藏地/架位号 状态 备注
1 0804539   208045391   第一样本阅览室/ [索取号:J652.4/440:1] 在馆    
2 0804540   208045408   第一借阅区/ [索取号:J652.4/440:1] 在馆    
3 0804541   208045417   第一借阅区/ [索取号:J652.4/440:1] 在馆    
4 0804542   208045426   第一借阅区/ [索取号:J652.4/440:1] 在馆    
5 0804543   208045435   密集书库-音乐系/ [索取号:J652.4/440:1] 在馆    
唐山师范学院图书馆 欢迎您!
大连网信软件有限公司© 版权所有